Estadísticas para Prueba de Senegal

Haz click aquí para tomar la prueba!

Estadísticas generales

  • Esta prueba ha sido tomada 309 veces
  • La puntuación promedio es 11 de 17

Estadísticas de respuestas

PistaRespuesta% Correcto
CapitalDakar
94%
Países limítrofesGambia
92%
Países limítrofesMauritania
91%
Idioma oficialFrancés
90%
Países limítrofesGuinea
89%
Países limítrofesMalí
88%
Países limítrofesGuinea-Bissau
81%
Animal nacionalLeón
76%
La isla de Gorea fue supuestamente un centro de la trata transatlántica de _____Esclavos
70%
Esa ciudad es la más _______ del continente afro-euroasiáticoOccidental
61%
El futbolista senegalés que lideró la Premier League en goles jugando con el Liverpool en 2018-19Sadio Mané
51%
El río más largoSenegal
50%
El tipo de animal que mató a 25 pescadores en un período de diez años en ese ríoHipopótamo
50%
Zona semiárida al sur del Sahara que incluye gran parte del SenegalSahel
45%
Capital colonial de SenegalSaint-{Louis}
29%
El grupo étnico más grande. Pista: comienza con WWolof
27%
La legumbre que representa el 3% de las exportacionesCacahuates
24%

Distribución de puntuación

Porcentaje por número respondido

Porcentaje de gente con cada puntuación

Historial de tus puntuaciones

No has tomado esta prueba